000 00327 a2200157 4500
001 57103
020 _a8508106343
040 _cAnchieta - Pituba
100 _aLeite, Marcia
240 1 0 _aAqui entre nós
_lpor
245 1 0 _aAqui entre nós
300 _a99
362 0 _a2006
650 4 _aLiteratura juvenil
942 _cBK
999 _c57103
_d57103